Estatísticas para Cultura Geral

Clique aqui para jogar o quiz

Estatísticas Gerais

  • Esse quiz foi jogado 23 vezes
  • A pontuação média é 7 de 15

Estatísticas das Respostas

HintResposta% Correto
Que super-herói é conhecido por sua velocidade e seu traje vermelho?The Flash
79%
A que parte do corpo se refere o prefixo "gastro"?Estômago
74%
Qual é a cidade mais populosa da Suíça?Zurique
74%
Qual era a língua do Império Romano?Latim
68%
Que nome se dá a um edifício alto continuamente habitável que tem mais de 40 andares e é mais alto que aproximadamente 150 metros?Arranha-céu
63%
Que país faz fronteira com a Índia e o Irão?Paquistão
58%
Fora da América do Norte, muitas pessoas usam um CV em vez de um currículo. O que significa CV?Curriculum vitae
53%
Que tipo de animal é Pumba no filme "O Rei Leão"?Javali
47%
Em que cidade podemos encontrar Yokohama Landmark Tower?Yokohama
47%
Qual país abriga o Parque Nacional Kruger?África do Sul
37%
Quem foi o primeiro marido de Jennifer Aniston?Brad Pitt
37%
Que cantora nomeou seus três álbuns com base em sua idade quando foram gravados?Adele
26%
Que musical estrelou John Travolta e Olivia Newton-John?Grease
21%
Além do champanhe, o que há em uma mimosa?Sumo de laranja
21%
Que banda tocou "Sympathy for the Devil"?The Rolling Stones
21%

Distribuição das Pontuações

Percentil de Números Respondidos

Porcentagem de Pessoas com Cada Pontuação

Sua Pontuação Histórica

Você não jogou esse quiz